000
00321 a2200133 4500
000
nam a22 7a 4500
100
_a
Ramswaroop
110
_a
Ramswaroop
245
_a
Bharatiya santo ki mahima
250
_a
Latest edition
260
_b
Nisha publication
_c
2024
264
_b
Nisha publication
_c
2024
942
_c
BK
999
_c
395920
_d
395920